|
|
|
|
| LEADER |
01101nta a2200229 i 4500 |
| 001 |
dokt9949 |
| 005 |
20221212145331.0 |
| 008 |
181011s2019 hu om 0|| eng d |
| 024 |
7 |
|
|a 10.14232/phd.9949
|2 doi
|
| 024 |
7 |
|
|a 30810140
|2 mtmt
|
| 040 |
|
|
|a SZTE Doktori Repozitórium
|b hun
|
| 041 |
|
|
|a eng
|
| 100 |
1 |
|
|a Sarcevic Péter
|
| 245 |
1 |
0 |
|a New methods in the application of inertial and magnetic sensors in online pattern recognition problems
|h [elektronikus dokumentum] /
|c Sarcevic Péter
|
| 246 |
1 |
0 |
|a Új módszerek az inerciális és mágneses szenzorok alkalmazásában online mintafelismerési problémák esetén
|h [elektronikus dokumentum]
|
| 260 |
|
|
|c 2019-04-23
|
| 502 |
|
|
|a Disszertacio
|
| 650 |
|
4 |
|a informatikai tudományok
|
| 700 |
1 |
|
|a Pletl Szilveszter
|e ths
|
| 856 |
4 |
0 |
|u https://doktori.bibl.u-szeged.hu/id/eprint/9949/1/Dissertation_Sarcevic.pdf
|z Dokumentum-elérés
|
| 856 |
4 |
0 |
|u https://doktori.bibl.u-szeged.hu/id/eprint/9949/3/ThesisBooklet_Sarcevic.pdf
|z Dokumentum-elérés
|
| 856 |
4 |
0 |
|u https://doktori.bibl.u-szeged.hu/id/eprint/9949/2/Tezisfuzet_Sarcevic.pdf
|z Dokumentum-elérés
|